00254nam a2200109Ia 4500008004100000100002100041245002600062260001800088650001400106942000700120999001700127190216s9999||||xx |||||||||||||| ||und|| aShankara Kurup G 0aNammude Bharanagadana bCurrent Books aMalayalam cBK c23910d23910